000 00208 a2200097 4500
001 18455
100 _aFalls C
245 _aGreat military battles
260 _a
_bSpring books
_c1972
090 _c13693
_d13693
942 _aNUST-CAE
_cM
_c4106
999 _c253528
_d253528